MARC details
| 000 -LEADER |
| fixed length control field |
01613nam a2200409 4500 |
| 020 ## - INTERNATIONAL STANDARD BOOK NUMBER |
| International Standard Book Number |
9781098254681 |
| Qualifying information |
(lib. bdg.) |
| 020 ## - INTERNATIONAL STANDARD BOOK NUMBER |
| International Standard Book Number |
1098254686 |
| Qualifying information |
(lib. bdg.) |
| 020 ## - INTERNATIONAL STANDARD BOOK NUMBER |
| International Standard Book Number |
9781368052450 |
| 035 ## - SYSTEM CONTROL NUMBER |
| System control number |
(OCoLC)1463256314 |
| 040 ## - CATALOGING SOURCE |
| Original cataloging agency |
ICrlF |
| Language of cataloging |
eng |
| Description conventions |
rda |
| Transcribing agency |
OQX |
| Modifying agency |
OQX |
| -- |
OCLCO |
| -- |
DLC |
| 050 00 - LIBRARY OF CONGRESS CALL NUMBER |
| Classification number |
MLCM 2025/81384 (P) |
| 100 ## - MAIN ENTRY--PERSONAL NAME |
| Personal name |
Siglain, Michael, |
| Relator term |
author. |
| 9 (RLIN) |
71189 |
| 245 10 - TITLE STATEMENT |
| Title |
Star Wars : Resistance heroes / |
| Statement of responsibility, etc |
written by Michael Siglain ; illustrated by Diogo Saito & Luigi Aimè. |
| 246 1# - VARYING FORM OF TITLE |
| Display text |
At head of title: |
| Title proper/short title |
Star Wars |
| 260 ## - PUBLICATION, DISTRIBUTION, ETC. (IMPRINT) |
| Place of publication, distribution, etc |
New York; |
| Name of publisher, distributor, etc |
Disney Lucasfilm Press: |
| Date of publication, distribution, etc |
October 4, 2019. |
| 300 ## - PHYSICAL DESCRIPTION |
| Extent |
31 pages : |
| Other physical details |
color illustrations ; |
| Dimensions |
24 cm. |
| 490 ## - SERIES STATEMENT |
| Series statement |
Journey to Star wars: the rise of Skywalker |
| 490 ## - SERIES STATEMENT |
| Series statement |
World of reading. Level 2 |
| 650 #0 - SUBJECT ADDED ENTRY--TOPICAL TERM |
| Topical term or geographic name as entry element |
Extraterrestrial beings |
| Form subdivision |
Juvenile fiction. |
| 650 ## - SUBJECT ADDED ENTRY--TOPICAL TERM |
| Topical term or geographic name as entry element |
Star Wars films |
| Form subdivision |
Juvenile fiction. |
| 9 (RLIN) |
87203 |
| 650 #0 - SUBJECT ADDED ENTRY--TOPICAL TERM |
| Topical term or geographic name as entry element |
Heroes |
| Form subdivision |
Juvenile fiction. |
| 650 ## - SUBJECT ADDED ENTRY--TOPICAL TERM |
| Topical term or geographic name as entry element |
Star Wars fiction. |
| 650 ## - SUBJECT ADDED ENTRY--TOPICAL TERM |
| Topical term or geographic name as entry element |
Adventure and adventurers |
| Form subdivision |
Juvenile fiction. |
| 650 #1 - SUBJECT ADDED ENTRY--TOPICAL TERM |
| Topical term or geographic name as entry element |
Extraterrestrial beings |
| Form subdivision |
Fiction. |
| 650 ## - SUBJECT ADDED ENTRY--TOPICAL TERM |
| Topical term or geographic name as entry element |
Space warfare |
| Form subdivision |
Fiction. |
| 9 (RLIN) |
58060 |
| 650 ## - SUBJECT ADDED ENTRY--TOPICAL TERM |
| Topical term or geographic name as entry element |
Star Wars films |
| Form subdivision |
Fiction. |
| 9 (RLIN) |
51082 |
| 650 ## - SUBJECT ADDED ENTRY--TOPICAL TERM |
| Topical term or geographic name as entry element |
Heroes |
| Form subdivision |
Fiction. |
| 650 ## - SUBJECT ADDED ENTRY--TOPICAL TERM |
| Topical term or geographic name as entry element |
Star Wars fiction. |
| 9 (RLIN) |
87204 |
| 650 ## - SUBJECT ADDED ENTRY--TOPICAL TERM |
| Topical term or geographic name as entry element |
Adventure and adventurers |
| Form subdivision |
Fiction. |
| 650 #7 - SUBJECT ADDED ENTRY--TOPICAL TERM |
| Topical term or geographic name as entry element |
Space warfare |
| Form subdivision |
Fiction. |
| 9 (RLIN) |
58060 |
| 650 ## - SUBJECT ADDED ENTRY--TOPICAL TERM |
| Topical term or geographic name as entry element |
Star Wars films |
| Form subdivision |
Fiction. |
| 9 (RLIN) |
51082 |
| 655 #7 - INDEX TERM--GENRE/FORM |
| Genre/form data or focus term |
Science fiction. |
| Source of term |
lcgft |
| 655 #7 - INDEX TERM--GENRE/FORM |
| Genre/form data or focus term |
Action and adventure fiction. |
| Source of term |
lcgft |
| 9 (RLIN) |
53368 |
| 655 #7 - INDEX TERM--GENRE/FORM |
| Genre/form data or focus term |
Readers (Publications) |
| Source of term |
lcgft |
| 9 (RLIN) |
61413 |
| 730 0# - ADDED ENTRY--UNIFORM TITLE |
| Uniform title |
Star Wars, the rise of Skywalker (Motion picture) |
| 9 (RLIN) |
87205 |
| 942 ## - ADDED ENTRY ELEMENTS (KOHA) |
| Source of classification or shelving scheme |
|
| Koha item type |
Book |